Statistics for FIFA World Cup Winning Squad 2018 - France

Click here to take the quiz!

General Stats

  • This quiz has been taken 79 times
  • The average score is 14 of 24

Answer Stats

#PositionPlayer% Correct
10FWKylian Mbappé
94%
1GKHugo Lloris
90%
7FWAntoine Griezmann
85%
6MFPaul Pogba
85%
13MFN'Golo Kanté
80%
9FWOlivier Giroud
80%
4DFRaphaël Varane
76%
11FWOusmane Dembélé
70%
ManagerDidier Deschamps
68%
21DFLucas Hernandez
68%
2DFBenjamin Pavard
66%
5DFSamuel Umtiti
65%
16GKSteve Mandanda
59%
14MFBlaise Matuidi
56%
23GKAlphonse Areola
52%
3DFPresnel Kimpembe
51%
22DFBenjamin Mendy
49%
20FWFlorian Thauvin
37%
18FWNabil Fekir
37%
19DFDjibril Sidibé
35%
17DFAdil Rami
34%
8FWThomas Lemar
32%
15MFSteven Nzonzi
31%
12MFCorentin Tolisso
30%

Score Distribution

Percentile by Number Answered

Percent of People with Each Score

Your Score History

You have not taken this quiz